000 00774pam a2200265 a 4500
001 4297099
003 NUST - PNEC
005 20170116180833.0
008 860711s1987 nyua 001 0 eng
010 _a 86018413
020 _a0716718146
040 _aDLC
_cLIBRARY
_dDLC
050 0 0 _aQA331
_b.M378 1987
082 0 0 _a515.9 MAR
100 1 _aMarsden, Jerrold E.
245 1 0 _aBasic complex analysis /
_cJerrold E. Marsden, Michael J. Hoffman.
250 _a2nd ed.
260 _aNew York, N.Y. :
_bW.H. Freeman,
_cc1987.
300 _axii, 604 p. :
_bill. ;
_c24 cm.
500 _aIncludes index.
650 0 _aFunctions of complex variables.
_xME
700 1 _aHoffman, Michael J.
906 _a7
_bcbc
_corignew
_d1
_eocip
_f19
_gy-gencatlg
942 _2ddc
_cBK
999 _c64091
_d64091